Právní předpisy /

Hlavní autor: Erhart, Otakar
Jazyk: Čeština
Vydáno: Praha : Merkur, 1984
Vydání: 2. upr. vyd.
Edice: Výchova v obchodě
Fyzický popis: 63 s.
Knihy
Uloženo v:
LEADER 00784nam a2200253 a 4500
001 000598365
003 CZ BrMZK
005 20080709091826.0
007 ta
008 020503s1984 xr f cze d
040 |a BOA001  |b cze  |c BOA001 
080 |a 351.83  |2 MRF 
080 |a 351.82  |2 MRF 
100 1 |a Erhart, Otakar  |7 stk2008441807  |4 aut 
245 1 0 |a Právní předpisy /  |c Otakar Erhart 
250 |a 2. upr. vyd. 
260 |a Praha :  |b Merkur,  |c 1984 
300 |a 63 s. 
490 1 |a Výchova v obchodě 
521 |a Učební text pro kvalifikační kursy obchodně provozních pracovníků 
830 0 |a Výchova v obchodě  |0 s 
910 |a BOA001  |b 2-0829.784-84 
990 |a BK 
996 6 |b 2619356722  |c 2-0829.784-84  |l MZK  |r Sklad / do 1 hodiny  |n 0  |w 000598365  |u 000010  |a 1  |e BOA001  |j MZK50  |s P